| 000 | 00511nam a2200181Ia 4500 | ||
|---|---|---|---|
| 999 |
_c16396 _d16396 |
||
| 082 | _aRT.0083 | ||
| 100 | _aThakur, G.N; | ||
| 245 | 0 | _aLeadership network :a study on the emerging pattern of leadership at panchayati raj level in Bihar | |
| 260 | _c2003 | ||
| 300 | _a136p. | ||
| 504 | _aincludes bibliography | ||
| 650 | _aPolitical leadership - Bihar | ||
| 650 | _aPanchayat - Bihar | ||
| 650 | _aTownship government | ||
| 650 | _aLocal government - Bihar | ||
| 650 | _aLeadership | ||
| 942 |
_cTH _2ddc |
||